书目信息 |
| 题名: |
精细有机合成单元反应
|
|
| 作者: | 张铸勇 主编 | |
| 分册: | ||
| 出版信息: | 上海 华东理工大学出版社 2003 |
|
| 页数: | 387页 | |
| 开本: | 23cm | |
| 丛书名: | ||
| 单 册: | ||
| 中图分类: | TQ2 | |
| 科图分类: | ||
| 主题词: | 精细化工--有机合成--高等学校--教材 , 精细化工 , 有机合成 | |
| 电子资源: | ||
| ISBN: | 7-5628-1430-9 | |
| 000 | 00903nam0 2200265 450 | |
| 001 | 05002474992 | |
| 005 | 20050920083658.51 | |
| 010 | @a7-5628-1430-9@dCNY30.00 | |
| 100 | @a20040202d2003 ekmy0chiy0120 ea | |
| 101 | 0 | @achi |
| 102 | @aCN@b310000 | |
| 105 | @aak z 000yy | |
| 200 | 1 | @a精细有机合成单元反应@9jing xi you ji he cheng dan yuan fan ying@f张铸勇主编@Fzhang zhu yong zhu bian |
| 205 | @a2版 | |
| 210 | @a上海@c华东理工大学出版社@d2003 | |
| 215 | @a387页@c图@d23cm | |
| 300 | @a新世纪高等学校选用教材 | |
| 330 | @a本书注重理论联系实际,介绍了精细化工生产中常见的各种单元反应,并辅助于实例,着重阐明其基本原理和应用范围,探讨反应物的结构因素和影响反应的因素。 | |
| 606 | 0 | @a精细化工@x有机合成@x高等学校@j教材 |
| 606 | 0 | @a精细化工 |
| 606 | 0 | @a有机合成 |
| 690 | @aTQ2@v4 | |
| 701 | 0 | @a张铸勇@Azhang zhu yong@4主编 |
| 801 | 0 | @aCN@bTSSF@c20050920 |
| 905 | @a10447@dTQ2@e12=2 | |
| 精细有机合成单元反应/张铸勇主编.-2版.-上海:华东理工大学出版社,2003 |
| 387页:图;23cm |
| 新世纪高等学校选用教材 |
| ISBN 7-5628-1430-9:CNY30.00 |
| 本书注重理论联系实际,介绍了精细化工生产中常见的各种单元反应,并辅助于实例,着重阐明其基本原理和应用范围,探讨反应物的结构因素和影响反应的因素。 |
| ● |
| 相关链接 |
|
|
|
|
正题名:精细有机合成单元反应
索取号:TQ2/12=2
 
预约/预借
| 序号 | 登录号 | 条形码 | 馆藏地/架位号 | 状态 | 备注 |
| 1 | 0362607 | 3626071 | 第二样本阅览室/ [索取号:TQ2/12=2] | 在馆 | |
| 2 | 0362608 | 3626080 | 第三借阅区/ [索取号:TQ2/12=2] | 在馆 | |
| 3 | 0362609 | 3626099 | 第三借阅区/ [索取号:TQ2/12=2] | 在馆 |